000 00652cab a2200265 4500
001 X834
008 090401t1993 xxu||||| |||| 00| 0 eng d
035 _a(Sirsi) u67671
041 _aeng
245 _aMore new ESAs announced
260 _c1993
350 _a0
490 _aCS Monthly : Rural Practice
_v2(9) June 1993, 3(1)
650 _aAVON VALLEY
650 _aESAS
650 _aEXMOOR
650 _aLAKE DISTRICT
650 _aNORTH KENT MARSHES
650 _aSOUTH WESSEX DOWNS
650 _aSOUTH WEST PARK
690 _aENVIRONMENTAL AND LAND CONSULTANCY
690 _aRURAL PRACTICE
942 _n0
948 _c04/03/1997
999 _c42360
_d42360